| 000 | 00701nam a2200241Ia 4500 | ||
|---|---|---|---|
| 001 | Z_5879 | ||
| 003 | CHAP | ||
| 008 | 220113s2009 xx 000 0 und d | ||
| 010 | _a169088 | ||
| 040 | _cCHAP | ||
| 090 | _aTesis R 2147 | ||
| 100 |
_aRamos Mondragón, Pedro _994455 |
||
| 245 |
_aDiagnóstico del estado mineral de bovinos para carne pastoreando en la región Huasteca Alta / _cPedro Ramos Mondragón |
||
| 260 |
_aChapingo, Méx. : _bEl autor, _c2009 |
||
| 300 | _a91 h. | ||
| 502 | _aTesis (Maestro en Ciencias en Innovación Ganadera) -- UACH, Departamento de Zootecnia | ||
| 901 | _aTESIS R 2147 | ||
| 902 | _aA | ||
| 910 | _a2009 | ||
| 942 | _c2 | ||
| 942 | _c2 | ||
| 999 |
_c169088 _d169088 |
||